书目信息 |
| 题名: |
中国外来水生动植物图鉴
|
|
| 作者: | 李家乐 , 董志国 , 你应森 编著 | |
| 分册: | ||
| 出版信息: | 上海 上海科学技术出版社 2007.10 |
|
| 页数: | 178页 | |
| 开本: | 26cm | |
| 丛书名: | ||
| 单 册: | ||
| 中图分类: | Q958.8-64 | |
| 科图分类: | ||
| 主题词: | 外来种--wai lai zhong--水生植物--中国--图集 , 外来种--wai lai zhong--水生动物--中国--图集 | |
| 电子资源: | ||
| ISBN: | 978-7-5323-8718-2 | |
| 000 | 01134nam0 2200277 450 | |
| 001 | 012007434851 | |
| 005 | 20071130172129.43 | |
| 010 | @a978-7-5323-8718-2@b精装@dCNY110.00 | |
| 100 | @a20071130d2007 km y0chi0120 ea | |
| 101 | 0 | @achi |
| 102 | @aCN@b310000 | |
| 105 | @aa z 000yy | |
| 106 | @ar | |
| 200 | 1 | @a中国外来水生动植物图鉴@Azhong guo wai lai shui sheng dong zhi wu tu jian@f李家乐 ... [等] 编著@Fli jia yue...[deng]bian zhu |
| 210 | @a上海@c上海科学技术出版社@d2007.10 | |
| 215 | @a178页@c图@d26cm | |
| 304 | @a题名页题: 李家乐, 董志国, 你应森, 王成辉编著 | |
| 330 | @a本书系统地介绍了目前我国外来水生动植物90种。全书共7章,分别是:引论、中国外来鱼类、中国外来水生甲壳类、中国外来水生贝类、中国外来两栖和爬行类、中国外来藻类及其他外来水生生物、中国外来水生生物入侵种等。 | |
| 606 | 0 | @a外来种@Awai lai zhong@x水生植物@y中国@j图集 |
| 606 | 0 | @a外来种@Awai lai zhong@x水生动物@y中国@j图集 |
| 690 | @aQ958.8-64@v4 | |
| 701 | 0 | @a李家乐@Ali jia yue@4编著 |
| 701 | 0 | @a董志国@Adong zhi guo@4编著 |
| 701 | 0 | @a你应森@Ani ying sen@4编著 |
| 801 | 0 | @aCN@bQSSK@c20071130 |
| 905 | @b268424@dQ958.8-64@eL183@f1 | |
| 中国外来水生动植物图鉴/李家乐 ... [等] 编著.-上海:上海科学技术出版社,2007.10 |
| 178页:图;26cm |
| ISBN 978-7-5323-8718-2(精装):CNY110.00 |
| 本书系统地介绍了目前我国外来水生动植物90种。全书共7章,分别是:引论、中国外来鱼类、中国外来水生甲壳类、中国外来水生贝类、中国外来两栖和爬行类、中国外来藻类及其他外来水生生物、中国外来水生生物入侵种等。 |
| ● |
| 相关链接 |
|
|
|
正题名:中国外来水生动植物图鉴
索取号:Q958.8-64/L183
 
预约/预借
| 序号 | 登录号 | 条形码 | 馆藏地/架位号 | 状态 | 备注 |
| 1 | 268424 | 202684247 | 自科库401/401自科库 37排2列4层/ [索取号:Q958.8-64/L183] | 在馆 |